000 00515nam a22001697a 4500
999 _c8664
_d8664
008 201209b ||||| |||| 00| 0 eng d
040 _aBMS College of Architecture
100 _aVinod, Sreelakshmi
245 _aSocial club Kannur
300 _aiii,56p.
500 _a1BM12AT069
502 _8B,Arch
_NBMS College of Architecture, Visvesvaraya Technological University (VTU)
_aProject report
_d2016
650 _aSocial
700 _aArathi K Parigi
_eGuide
700 _aAkhila Ramesh
_eGuide
942 _2ddc
_cTHE